书目信息 |
| 题名: |
战友
|
|
| 作者: | 刘国林 主编 | |
| 分册: | ||
| 出版信息: | 北京 中国社会出版社 |
|
| 页数: | 147页 | |
| 开本: | 32开 | |
| 丛书名: | ||
| 单 册: | ||
| 中图分类: | E221.3 | |
| 科图分类: | ||
| 主题词: | 军队政治工作--中国 | |
| 电子资源: | ||
| ISBN: | 7-80146-298-X | |
| 000 | 00522nam0 2200193 45 | |
| 001 | 0010271580 | |
| 005 | 20001027155558.4 | |
| 010 | @a7-80146-298-X@d20.00元 | |
| 100 | @a20001027d km y0chiy0120 ea | |
| 101 | 0 | @achi |
| 105 | @a z 000yy | |
| 200 | 1 | @a战友@AZhan You@f刘国林主编@FLiu Guo Lin Zhu Bian |
| 210 | @a北京@c中国社会出版社 | |
| 215 | @a147页@d32开 | |
| 606 | 0 | @a军队政治工作@x中国 |
| 690 | @aE221.3@v3 | |
| 701 | 0 | @a刘国林@4主编 |
| 801 | @aCN@bPftUser@c20001027 | |
| 905 | @b193153-155@dE221.3@eL449@f3 | |
| 战友/刘国林主编.-北京:中国社会出版社 |
| 147页;32开 |
| ISBN 7-80146-298-X:20.00元 |
| ● |
| 相关链接 |
|
|
|
正题名:战友
索取号:E221.3/L449
 
预约/预借
| 序号 | 登录号 | 条形码 | 馆藏地/架位号 | 状态 | 备注 |
| 1 | 193153 | 201931534 | 社科库509/ [索取号:E221.3/L449] | 在馆 | |
| 2 | 193154 | 201931543 | 社科库509/509社科库 117排2列2层/ [索取号:E221.3/L449] | 在馆 | |
| 3 | 193155 | 201931552 | 社科库509/509社科库 117排2列2层/ [索取号:E221.3/L449] | 在馆 |